01552cam a22003854i 4500003000900000005001700009008004100026020001500067020001800082035002000100040003300120082002300153100003400176245006200210264004400272300004200316336002100358337002500379338002300404504003900427505058100466526000901047526000901056526000901065526000901074526000901083526000901092526000801101526000801109526000801117526000801125526000801133526000801141650001701149PE-LiUPU20250731184514.0 s2015 miu rb 000 0 eng d a0802866050 a9780802866059 a(Sirsi) a166447 aPE-LiUPUbspacPE-LiUPUerda04a933.05092bK732231 aKolman Marshak, Adam,eautor.14aThe many faces of Herod the Great /cAdam Kolman Marshak. 1aGrand Rapids, Mich. :bEerdmans,c2015. axxix, 400 páginas ;c24 centimetros atext2rdacontent aunmediated2rdamedia avolume2rdacarrier aBibliografía : páginas 355-38804aCultural and intellectual milieu. Rome and its client kings ; Hellenistic monarchy in the Graeco-Roman world ; Judaean history from the Maccabees to Herod -- From Hasmonean to Antonian. Herod's rise to power (47-42 BCE) ; Herod and Antony (42-30 BCE) ; Herod the new Hasmonean -- Client king in an Augustan world. Herod the Augustan client king ; Bringing Judaea into the Roman sphere : Herod and Romanization ; Herod the Hellenistic king in an Augustan world ; Herod, Melekh HaYehudim ; Herod and the temple -- Conclusion : the political self-presentation of Herod the great. aP136 aP135 aP134 aP133 aP144 aP143 aP87 aP35 aP20 aP14 aP10 aP0604aRey y reglas